01744cam a2200457 i 450000100060000000300090000600500170001500800410003201500180007302000180009104000360010904100130014504600090015808000100016708000120017724502000018924600500038926000480043930000330048733600270052033700540054733800280060138000160062938000270064538500390067238800100071150000570072150400340077852100290081265000200084165500300086165800280089170000330091970000290095270000530098170000250103470000300105970000650108971000340115485600980118855916KOSZ 00520221017145453.0081027s2008 pl a f f |001 0 pol  aPB 27889/2008 a9788301155377 cKOSZ 005aKOSZ 005dKOSZ 005/HR1 apolheng k2005 a620.3 a(075.8)00aNanotechnologie /cred. nauk. Robert W. Kelsall, Ian W. Hamley, Mark Geoghegan ; red. nauk. przekł. Krzysztof Kurzydłowski ; [aut. Rik Brydson et. al. ; zespół tł. Jarosław Ferenc et al.].1 iTyt. oryg.:aNanoscale science and technology aWarszawa :bWydawnictwo Naukowe PWN,c2008. aXIV, 469 s. :bil. ;c25 cm. 2rdacontentaTekstbtxt 2rdamediaaBez urządzenia pośredniczącegobn 2rdacarrieraWoluminbnc aKsiążki aPublikacje dydaktyczne mPoziom nauczaniaaSzkoły wyższe a2001- aTyt. oryg.: "Nanoscale science and technology" 2005. aBibliogr. przy rozdz. Indeks.8 aPodręcznik akademicki. 4aNanotechnologia 4aPodręczniki akademickie aInżynieria i technika1 aKelsall, Robert W.eRedakcja1 aHamley, Ian W.eRedakcja1 aKurzydłowski, Krzysztof Jand(1954- )eRedakcja1 aBrydson, RilkeAutor1 aGeoghegan, MarkeRedakcja1 aFerenc, Jarosławc(inżynieria materiałowa)eTłumaczenie2 aWydawnictwo Naukowe PWN4pbl. uhttp://koha.tu.koszalin.pl/cgi-bin/koha/opac-detail.pl?biblionumber=55916yKatalog online BPK